Japanese cities - Sudden Death - Statistics

General Stats
  • This quiz has been taken 78 times
  • The average score is 11 of 14
Answers on the Grid
Answers color-coded by a green-red scale on the quiz's grid according to % correct below.
Glasgow
Tokyo
Yuzhno sakhalinsk
Osaka
Kitakyushu
Sapporo
Seattle
Ishigaki
Seoul
Goyang
Changsha
Nagoya
Fukuoka
Niigata
Manado
Thimphu
Saga
Guangzhou
Kobe
Miami
Tegucigalpa
Shizuoka
Gimhae
Bratislava
Kurume
Akita
Barranquilla
Paramaribo
Kagoshima
Barcelona
 
Answer Stats
Answer % Correct
Tokyo
100%
Osaka
97%
Sapporo
90%
Kobe
89%
Fukuoka
86%
Nagoya
86%
Kagoshima
84%
Shizuoka
84%
Ishigaki
81%
Kitakyushu
78%
Akita
71%
Niigata
70%
Kurume
54%
Saga
41%
No matching quizzes found
Score Distribution
Percent of People with Each Score
Percentile by Number Answered
Your Score History
You have not taken this quiz